| 000 | 00794nam a22001817a 4500 | ||
|---|---|---|---|
| 008 | 110830t xxu||||| |||| 00| 0 eng d | ||
| 020 | _a087220300X | ||
| 020 | _a0872203018 | ||
| 050 | _aB29 .C536 | ||
| 100 |
_a Cahn, Steven M. _qSteven M. Cahn |
||
| 245 |
_aClassics of western philosophy _cSteven M. Cahn |
||
| 250 | _a4th ed. | ||
| 260 |
_aIndianapolis _bHacket Pub. Co. _cc1995 |
||
| 300 |
_aviii, 1270 p. _bill. _c24 cm |
||
| 505 | _aContents: Plato -- Aristotel -- Epicurus -- Epictetus -- Augustine -- Anselm -- Thomas Aquinas -- Rene Descartes -- Thomas Hobbes -- Baruch Spinoza -- Gottfried Leibniz -- John Locke -- George Berkeley -- David Hume -- Immanuel Kant -- Georg Wilhelm Friedrich Hegel -- John Stuart Mill -- Friedrich Nietzsche | ||
| 650 | _aPhilosophy | ||
| 942 |
_2lcc _cBK |
||
| 999 |
_c49 _d7549 |
||